Nesmíš mi sem s myšmi /

Ilustrovaná kniha s hravými, rytmickými a poučnými básničkami. Verše jsou plné humoru, jazykových hříček a nápaditých témat, od zvířat přes lidi až po různá každodenní dobrodružství.

Uloženo v:
Hlavní autor: Budínová, Blanka, 1947- (Autor)
Další autoři: Vládková, Tetiana, 1984- (Autor)
Médium: Kniha
Jazyk:Czech
Vydáno: [Brno] : Větrné mlýny, 2026
Vydání:Vydání první
Edice:Větráček
Témata:
Celkem bylo vypůjčeno:0x
Tagy:
Žádné tagy
LEADER 01830nam a2200457 i 4500
001 106451
003 CZ PrNK
005 20260603081004.0
007 ta
008 260507s2026 xr a b 000 p cze
015 |a cnb003756802 
020 |a 9788074435102  |q (vázáno) 
040 |a ABG001  |b cze  |e rda 
072 7 |a 821.162.3-1  |x Česká poezie  |2 Konspekt  |9 25 
072 7 |a 821-93  |x Literatura pro děti a mládež (beletrie)  |2 Konspekt  |9 26 
080 |a 821.162.3-1  |2 MRF 
080 |a 821-93  |2 MRF 
080 |a (0:82-1)  |2 MRF 
100 1 |a Budínová, Blanka,  |d 1947-  |7 xx0165668  |4 aut  |9 117405 
245 1 0 |a Nesmíš mi sem s myšmi /  |c Blanka Budínová, Tetiana Vládková 
250 |a Vydání první 
264 1 |a [Brno] :  |b Větrné mlýny,  |c 2026 
300 |a 78 stran :  |b barevné ilustrace ;  |c 30 cm 
336 |a text  |b txt  |2 rdacontent 
336 |a statický obraz  |b sti  |2 rdacontent 
337 |a bez média  |b n  |2 rdamedia 
338 |a svazek  |b nc  |2 rdacarrier 
490 1 |a Větráček 
500 |a Ilustrovala Tetiana Vládková 
520 2 |a Ilustrovaná kniha s hravými, rytmickými a poučnými básničkami. Verše jsou plné humoru, jazykových hříček a nápaditých témat, od zvířat přes lidi až po různá každodenní dobrodružství. 
655 7 |a česká poezie  |7 fd133958  |2 czenas  |9 54025 
655 7 |a publikace pro děti  |7 fd133156  |2 czenas  |9 23 
655 9 |a Czech poetry  |2 eczenas 
655 9 |a children's literature  |2 eczenas 
700 1 |a Vládková, Tetiana,  |d 1984-  |7 xx0344958  |4 ill  |9 117406 
710 2 |a Větrné mlýny (nakladatelství)  |7 jam2010503138  |4 pbl  |9 117407 
830 0 |a Větráček 
910 |a UOG502 
942 |2 ddc  |c KN 
999 |d 106451 
993 |0 0  |1 421180107167  |2 ddc  |4 0  |7 0  |9 99880  |b 0  |c 107167  |d 2026-06-03  |e 0  |f M  |h 399.00  |i Koupě  |l M  |r 2026-06-03  |t 8  |w 2026-06-03  |y KN  |z POEZIE  |n